000 00363nam a2200145Ia 4500
008 251118s9999 xx 000 0 und d
020 _a8176561819
082 _a004.3 ROF
100 _aRofail, Ash
245 0 _aMastering Com and Com+
260 _aNew Delhi:
_bBPB Publications,
_c2000
300 _axxvi, 693p.
600 _aSoftware Components
942 _cGB
999 _c31653
_d31653